Click to Translate - Azerbaijani - Statistics

General Stats
  • This quiz has been taken 829 times
  • The average score is 12 of 20
Answer Stats
Hint Answer % Correct
Hello Salam
86%
Soap Sabun
72%
Potato Kartof
71%
What
69%
Beautiful Gözəl
66%
They Onlar
63%
Eat Yemək
62%
Please Zəhmət olmasa
62%
Thirty Otuz
59%
Doctor Həkim
57%
Brown Qəhvəyi
57%
No Yox
57%
Wall Divar
56%
See Görmək
55%
Under Altında
54%
Bread Çörək
53%
Arm Qol
51%
Wife Arvad
44%
Beach Çimərlik
44%
Goodbye Sağol
44%
No matching quizzes found
Score Distribution
Percent of People with Each Score
Percentile by Number Answered
Your Score History
You have not taken this quiz